Science Quiz

Random Science or Clickable Quiz

Anything but Elements Quiz Stats

 Plays Quiz Updated Apr 6, 2016

Score 0/170 Timer 02:00
1 Play Today
% Correct
???
32.6%
???
32.6%
???
32.6%
???
32.6%
???
32.5%
???
32.5%
???
32.5%
???
32.5%
???
32.5%
???
32.5%
???
32.5%
???
32.5%
???
32.5%
???
32.5%
???
32.4%
???
32.4%
???
32.4%
???
32.4%
???
32.4%
???
32.4%
???
32.4%
???
32.4%
???
32.4%
???
32.4%
???
32.4%
???
32.4%
???
32.4%
???
32.4%
???
32.4%
???
32.4%
???
32.4%
???
32.3%
???
32.4%
???
32.4%
???
32.4%
???
32.3%
???
32.3%
???
32.3%
???
32.3%
???
32.3%
???
32.3%
???
32.3%
???
32.3%
???
32.3%
???
32.3%
???
32.3%
???
32.3%
???
32.3%
???
32.3%
???
32.3%
???
32.3%
???
32.3%
???
32.3%
???
32.3%
???
32.3%
???
32.3%
???
32.2%
% Correct
???
32.2%
???
32.2%
???
32.2%
???
32.2%
???
32.2%
???
32.2%
???
32.2%
???
32.2%
???
32.2%
???
32.2%
???
32.2%
???
32.2%
???
32.2%
???
32.2%
???
32.2%
???
32.2%
???
32.2%
???
32.2%
???
32.2%
???
32.2%
???
32.2%
???
32.2%
???
32.2%
???
32.1%
???
32.1%
???
32.1%
???
32.1%
???
32.1%
???
32.1%
???
32.1%
???
32.1%
???
32.1%
???
32.1%
???
32.1%
???
32.1%
???
32.1%
???
32.1%
???
32.1%
???
32%
???
32%
???
32%
???
32%
???
32%
???
32%
???
32%
???
32%
???
32%
???
32%
???
32%
???
32%
???
32%
???
31.9%
???
31.9%
???
31.9%
???
31.9%
???
31.9%
???
31.9%
% Correct
???
31.8%
???
31.8%
???
31.8%
???
31.8%
???
31.7%
???
31.7%
???
31.7%
???
31.6%
???
31.6%
???
31.6%
???
31.6%
???
31.6%
???
31.5%
???
31.4%
???
31.4%
???
31.4%
???
31.3%
???
31.3%
???
31.2%
???
31.1%
???
31.1%
???
31.1%
???
31%
???
30.9%
???
30.9%
???
30.9%
???
30.7%
???
30.7%
???
30.6%
???
30.6%
???
30.6%
???
30.6%
???
30.2%
???
30.1%
???
30%
???
30%
???
30%
???
29.8%
???
29.8%
???
29.4%
???
29.2%
???
29%
???
28.9%
???
28.9%
???
28.7%
???
28.8%
???
28.7%
???
28.6%
???
28.3%
???
28.3%
???
27.6%
???
27.6%
???
26.9%
???
24.2%
???
23.7%
???
23.2%

You're not logged in!

Compare scores with friends on all Sporcle quizzes.
OR
Log In

Show Comments

Extras

Top Quizzes Today


Score Distribution

Your Account Isn't Verified!

In order to create a playlist on Sporcle, you need to verify the email address you used during registration. Go to your Sporcle Settings to finish the process.

Report this User

Report this user for behavior that violates our Community Guidelines.

Details: